| 000 | 00853nam a22002417a 4500 | ||
|---|---|---|---|
| 001 | 4313638 | ||
| 003 | OSt | ||
| 005 | 20240515081148.0 | ||
| 008 | 240515b |||||||| |||| 00| 0 eng d | ||
| 010 | _a 87020373 | ||
| 020 | _a9024735904 | ||
| 020 | _a9024735912 (pbk.) | ||
| 040 |
_aKMU _cKMU _dKMU _beng _eRDA |
||
| 050 | 0 | 0 | _aS494.5.A45 |
| 245 | 0 | 0 |
_aAgroforestry : _brealities, possibilities, and potentials / _cedited by Henry L. Gholz. |
| 260 |
_aDordrecht ; _aBoston : _bM. Nijhoff in cooperation with ICRAF ; _aHingham, MA, USA : _bdistributors for the U.S. and Canada, Kluwer Academic Publishers, _c1987. |
||
| 300 |
_a227 p. : _bill. ; _c25 cm. |
||
| 504 | _aIncludes bibliographies and indexes. | ||
| 650 | 0 | _aAgroforestry. | |
| 700 | 1 | _aGholz, Henry L. | |
| 710 | 2 | _aInternational Council for Research in Agroforestry. | |
| 942 |
_2lcc _cBK _n0 |
||
| 999 |
_c1223 _d1223 |
||